000 00310nam a22001337a 4500
020 _a9781419721212
040 _cnust
082 _a951
_bCHI
100 _aBardoe, Cheryl
_9122897
245 _aChina A History
260 _aNew York:
_bAbrams,
_c2018.
650 _aChina A History
_9122898
942 _2ddc
_cBK
999 _c609284
_d609284